00217nam a2200073Ia 4500008004100000020001800041100002000059245006400079230213s9999 xx 000 0 und d a9781558741584 aCHANDLER, MITZI 0aLATE BLOOMERS: WEEKLY INSPIRATIONS FOR WOMAN IN THEIR PRIME